00358nam a2200109 4500245003600000100001700036260003600053300001700089082002000106952010700126999001500233 aHerman Melvillecby P.S. Sastri aSastri, P.S. aBombaybTata McGraw-Hillcc1972 a99p. ; 22cm. a913.3b MEL/SAS 001040708ENGLaNEHUbNEHUd2011-11-18l0o913.3 MEL/SASpA903r2011-11-18 00:00:00w2011-11-18yBK c1722d1722